01242 2200205 4500001002100000005001500021008004100036020002200077035002000099082001100119084001800130100002700148245003700175250000600212260003000218300002200248520074000270650002001010863000601030INLIS00000000000907320211122024341211122 b 0 ind  a978-979-29-2732-0 a0010-0721004332 aA.3725 aA.372.5 ALA a1 aAlamsyah, yenni Wijaya1 aAyo Mewarnai Dengan Pensil Warna a1 aYogyakarta :bAndi,c2011 a32 hlm. ;c28 cm. aAyo mewarnai dengan pensil warna Buku Ayo Mewarnai dengan Pensil Warna ini diperuntukkan sebagai pedoman tentang cara menggunakan pensil warna. Di dalamnya akan dibahas berbagai teknik, teori warna, juga cara membuat sketsa yang praktis. Semuanya dikemas dalam satu buku yang mudah untuk dipahami clan clipelajari.Pensil warna adalah salah satu media yang paling sering , digunakan karena kemudahan pengaplikasiannya. Keunggulannya itu menyebabkan pensil warna dipilih oleh para pemula sebagai alat belajar sebelum menggunakan media-media yang lain seperti cat air atau pastel. Buku ini dibuat sebagai pengantar untuk menyertai proses belajar itu clan juga menumbuhkan niat Anda untuk mulai berkarya. Mari mewarnai dengan pensil warna! 4aPendidikan Anak a1